Statistics for Türkiye İlleri - Harita Testi

Click here to take the quiz!

General Stats

  • This quiz has been taken 1 823 times
  • The average score is 32 of 81

Answers on the Map

Answers color-coded by a green-red scale on the quiz's map according to % correct below.
 

Answer Stats

Answer% Correct
Edirne
75%
İstanbul
73%
Antalya
64%
Tekirdağ
64%
Adana
63%
Çanakkale
63%
İzmir
62%
Bursa
59%
Yalova
59%
Hatay
58%
Balıkesir
57%
Muğla
57%
Kırklareli
56%
Kocaeli
56%
Aydın
54%
Mersin
53%
Ankara
51%
Kilis
50%
Hakkâri
48%
Van
48%
Iğdır
46%
Konya
46%
Osmaniye
46%
Artvin
45%
Ardahan
44%
Erzurum
44%
Gaziantep
43%
Karaman
43%
Kars
43%
Şanlıurfa
43%
Sivas
43%
Ağrı
42%
Rize
42%
Şırnak
42%
Mardin
41%
Trabzon
40%
Sinop
38%
Samsun
36%
Diyarbakır
35%
Giresun
35%
Gümüşhane
35%
Kastamonu
35%
Ordu
35%
Erzincan
34%
Eskişehir
34%
Kayseri
34%
Kahramanmaraş
33%
Adıyaman
32%
Batman
32%
Bayburt
32%
Düzce
32%
Sakarya
32%
Afyonkarahisar
31%
Aksaray
31%
Bolu
31%
Denizli
31%
Elazığ
31%
Zonguldak
31%
Bartın
30%
Malatya
30%
Tunceli
30%
Amasya
29%
Bilecik
29%
Çankırı
29%
Çorum
29%
Manisa
29%
Karabük
28%
Nevşehir
28%
Niğde
28%
Uşak
28%
Yozgat
28%
Burdur
27%
Isparta
27%
Kütahya
27%
Siirt
27%
Tokat
27%
Kırıkkale
26%
Muş
26%
Bitlis
25%
Kırşehir
25%
Bingöl
24%

Score Distribution

Percentile by Number Answered

Percent of People with Each Score

Your Score History

You have not taken this quiz